El cuadrante del flujo de dinero : (Registro nro. 11242)

Detalles MARC
000 -LIDER
fixed length control field 01375cam a2200397 i 4500
001 - NÚMERO DE CONTROL
Identificador de número de control 0000633
003 - IDENTIFICACDOR DE NÚMERO DE CONTROL
control field DO-SdBNP
005 - DATE AND TIME OF LATEST TRANSACTION
control field 20231002122514.0
007 - CAMPOS FIJOS DE DESCRIPCIÓN FÍSICA
fixed length control field 0000633
008 - ELEMENTOS DE LONGITUD FIJA
fixed length control field 100514s 2011 sp f spa
015 ## - NÚMERO DENTRO DE LA BIBLIOGRAFÍA NACIONAL
National bibliography number
017 ## - NÚMERO DE REGISTRO DE DERECHOS DE AUTOR
Copyright or legal deposit number
Assigning agency
020 ## - ISBN
International Standard Book Number 9788466324106
035 ## - NÚMERO LOCAL
System control number
040 ## - FUENTE DE CATALOGACIÓN
Agencia que crea de manera original el registro BPMSU
Idioma de catalogación spa
Agencia que realiza la transcripción BPMSU
Convenciones de la despripción
080 ## - NÚMERO DE CLASIFICACIÓN DECIMAL UNIVERSAL
Universal Decimal Classification number
082 #4 - NÚMERO DE CLASIFICACIÓN DECIMAL DE DEWEY
Classification number 332.024
Item number K62c 2011
Edition number 22
100 1# - ASIENTO PRINCIPAL -- NOMBRE PERSONAL
Nombre personal Kiyosaki, Robert T.
Fechas asociadas con el nombre 1947-
245 13 - MENCIÓN DE TITULO
Título El cuadrante del flujo de dinero :
Subtítulo guía del padre rico hacia la libertad
Mención de responsabilidad Robert T. Kiyosaki, Sharon L. Lechter ; traducción Fernando Álvarez del Castillo
246 13 - VARIACION DEL TÍTULO
Título propiamente dicho o título corto El cuadrante del flujo de dinero:
Subtítulo guía del padre rico hacia la libertad financiera /
250 ## - MENCIÓN DE EDICION
Mención de edición 2a. ed.
260 ## - PUBLICACIÓN, DISTRIBUCIÓN, ETC. (PIE DE IMPRENTA)
Lugar de publicación, distribución, etc Méxio:
Nombre del editor, distribuidor, etc. Santillana ediciones generales,
Fecha de publicación, distribución, etc 2011.
300 ## - DESCRIPCIÓN FÍSICA
Extensión 306 p.:
Dimensiones 19 cm
490 0# - MENCIÓN DE SERIES
Mención de serie Punto de lectura
Volume/sequential designation 198/5
500 ## - NOTA GENERAL
Nota general Incluye datos biográficos de los autores.
534 ## - NOTA SOBRE LA VERSIÓN ORIGINAL
Asiento principal del original Título original :
Mención del título original The cashflow quadrant : Rich dad's guide to financial freedom.
590 ## - NOTA LOCAL
Texto de la nota local Inventariado, 2023/VM
650 #4 - ENCABEZAMIENTO DE MATERIA--TEMÁTICO
Término temático o nombre geográfico como elemento de entrada Finanzas personales.
650 #4 - ENCABEZAMIENTO DE MATERIA--TEMÁTICO
Término temático o nombre geográfico como elemento de entrada Planificación del patrimonio.
650 #4 - ENCABEZAMIENTO DE MATERIA--TEMÁTICO
Término temático o nombre geográfico como elemento de entrada Éxito en los negocios
700 1# - ASIENTO SECUNDARIO -- NOMBRE PERSONAL
Nombre personal Lechter, Sharon L.
700 12 - ASIENTO SECUNDARIO -- NOMBRE PERSONAL
Nombre personal Álvarez del Castillo, Fernando
Mención de responsabilidad trad.
830 #0 - ASIENTO SECUNDARIO DE SERIE--TÍTULO UNIFORME
Título uniforme Punto de lectura
Número de la parte o sección de una obra 198/5
910 ## - VALIDACIÓN
Validación VMateo V. Control de calidad BPMSU
942 ## - ADDED ENTRY ELEMENTS (KOHA)
Source of classification or shelving scheme Dewey Decimal Classification
Koha item type Libros
Existencias
Withdrawn status Lost status Source of classification or shelving scheme Damaged status Not for loan Collection code Home library Current library Date acquired Source of acquisition Total Checkouts Full call number Barcode Date last seen Price effective from Koha item type Copy number
    Dewey Decimal Classification     Colección General Biblioteca Pública Metropolitana Salomé Ureña Biblioteca Pública Metropolitana Salomé Ureña 08/31/2016 Alfaguara   BPMSU CG 332.024 K62c 2011 BPMSU16080323 08/31/2016 08/31/2016 Libros  
    Dewey Decimal Classification       Biblioteca Pública Metropolitana Salomé Ureña Biblioteca Pública Metropolitana Salomé Ureña 08/31/2016 Alfaguara   BPMSU CG 332.024 K62c 2011 BPMSU16080324 08/31/2016 08/31/2016 Libros e.2
    Dewey Decimal Classification       Biblioteca Pública Metropolitana Salomé Ureña Biblioteca Pública Metropolitana Salomé Ureña 08/31/2016 Alfaguara   BPMSU CG 332.024 K62c 2011 BPMSU16080325 08/31/2016 08/31/2016 Libros e. 3